00773cpcaa2200241 a 4500001001300000003000400013005001700017008004100034010001700075040002400092072001200116100003800128245003900166300001300205506002200218520011000240545002600350546003600376580005700412656002100469656002400490999001700514mm 79005215 DLC20260227111650.0790509|||||||||||| eng  amm 79005215  aDLCcDLCdDLCedacs 7aL2lcmd1 aFields, James Thomas,d1817-1881.00aJames Thomas Fields letter,f1873. a1fitem.0 aOpen to research.8 aALS (1873 August 7; Manchester, Mass.) from Fields concerning dates and other arrangements for a lecture.0 aAuthor and publisher. aCollection material in English. aForms part of: Miscellaneous Manuscripts collection. 7aAuthors.2itoamc 7aPublishers.2itoamc c41866d41866